| 000 | 00481nam a2200181 a 4500 | ||
|---|---|---|---|
| 001 | 1767860135187 | ||
| 003 | YourLibrary | ||
| 005 | 20260108150645.0 | ||
| 008 | 260108s2005##################000#0#eng## | ||
| 020 | _a9780853238096 | ||
| 082 | 0 | 4 |
_a301.09 _bADA |
| 100 | 1 |
_aKongress, Deutsche Gesellschaft für Soziologie., _eauthor. |
|
| 245 | 1 | 0 | _aSociological Beginnings : |
| 260 | _c2005. | ||
| 650 | 0 | _aGermany. | |
| 942 | _cENGLISH | ||
| 040 |
_aYourLibrary _beng _cYourLibrary |
||
| 999 |
_c607808 _d607808 |
||